Statistiques concernant Langue française: le jeu du dictionnaire #9

Cliquez ici pour prendre le quiz!

Statistiques générales

  • Ce quiz a été pris 238 fois
  • Le résultat moyen est 14 sur 20

Statistiques - réponses

CatégorieDéfinitionRéponse% Correct
NomAnimal de ferme, sacré en IndeVache
100%
NomInjection faite pour prévenir des maladies infectieusesVaccin
99%
NomCe que recherche tout bon surfeurVague
94%
NomBagage rectangulaire fait pour être porté à la mainValise
90%
VerbeRemporter la victoireVaincre
88%
NomIl peut être spatial, de guerre ou sanguinVaisseau
87%
NomCe que vaut un objet à la venteValeur
87%
NomBruit assourdissantVacarme
86%
NomServiteur à gages ou carte à jouerValet
85%
NomEnsemble des pièces et accessoires destinés au service de tableVaisselle
83%
NomFemme de TahitiVahiné
74%
AdjectifQui mène une vie nomadeVagabond
70%
AdjectifQui fait preuve de bravoure et de courageVaillant
63%
VerbeÊtre équivalent à une autre chose, ou pouvoir lui être comparéValoir
57%
NomDépression creusée par un cours d'eauVallée
55%
AdjectifQui n'est pas stableVacillant
53%
AdjectifQui remplit les conditions requisesValable
48%
NomHerbe vivace à odeur forte ayant un effet sur le sommeilValériane
39%
VerbeSe promener sans but précis, flânerVadrouiller
33%
NomÉtat de ce qui est videVacuité
30%

Distribution des résultats

Percentile par nombre de réponses

% des personnes avec chaque résultat

Votre développement - résultats

Vous n’avez pas pris ce quiz